Biên niên sự kiện lịch sử Đảng Cộng Sản Việt Nam 5/1975-12/1995

محفوظ في:
التفاصيل البيبلوغرافية
المؤلف الرئيسي: Nguyễn Quý
التنسيق: كتاب
اللغة:Undetermined
منشور في: H. CTQG 2002
الموضوعات:
الوسوم: إضافة وسم
لا توجد وسوم, كن أول من يضع وسما على هذه التسجيلة!
Thư viện lưu trữ: Trung tâm Học liệu Trường Đại học Cần Thơ
LEADER 00597nam a2200217Ia 4500
001 CTU_56314
008 210402s9999 xx 000 0 und d
020 |b 48000 
082 |a 324.2597075 
082 |b Qu600 
100 |a Nguyễn Quý 
245 0 |a Biên niên sự kiện lịch sử Đảng Cộng Sản Việt Nam 5/1975-12/1995 
245 0 |c Nguyễn Quý 
260 |a H. 
260 |b CTQG 
260 |c 2002 
650 |a communist parties 
650 |x history 
650 |z vietnam 
904 |i Minh 
980 |a Trung tâm Học liệu Trường Đại học Cần Thơ